ბათუმის შოთა რუსთაველის სახელმწიფო უნივერსიტეტის ბიბლიოთეკა

იბერიულ-კავკასიური ენათმეცნიერება XXIX (ბიბ.ჩანაწერი № 52403)

000 -LEADER
fixed length control field 00870nam a2200217Ia 4500
001 - CONTROL NUMBER
control field 19423
003 - CONTROL NUMBER IDENTIFIER
control field GE_BSU
008 - FIXED-LENGTH DATA ELEMENTS--GENERAL INFORMATION
fixed length control field 181216s||||||||xx |||||||||||||| ||und||
040 ## - CATALOGING SOURCE
Transcribing agency GE_BSU
245 ## - TITLE STATEMENT
Title იბერიულ-კავკასიური ენათმეცნიერება XXIX
245 ## - TITLE STATEMENT
Statement of responsibility, etc. სარედ კოლ:ა.არაბული,შ.აფრიდონიძე; და სხვ.მთ.რედ:ბ.ჯორბენაძე
260 ## - PUBLICATION, DISTRIBUTION, ETC.
Place of publication, distribution, etc. თბილისი
260 ## - PUBLICATION, DISTRIBUTION, ETC.
Name of publisher, distributor, etc. მეცნიერება
260 ## - PUBLICATION, DISTRIBUTION, ETC.
Date of publication, distribution, etc. 1990
300 ## - PHYSICAL DESCRIPTION
Extent 283გვ;24სმ.
653 ## - INDEX TERM--UNCONTROLLED
Uncontrolled term ენათმეცნიერება
653 ## - INDEX TERM--UNCONTROLLED
Uncontrolled term იბერიულ-კავკასიური ენათმეცნიერება XXIX
653 ## - INDEX TERM--UNCONTROLLED
Uncontrolled term ქართული ენა
942 ## - ADDED ENTRY ELEMENTS (KOHA)
Koha item type წიგნი
ეგზემპლარები
Withdrawn status Lost status Damaged status Not for loan Date acquired Barcode Date last seen Price effective from Koha item type
        2018-12-17 48356 2018-12-17 2018-12-17 წიგნი
        2018-12-17 48357 2018-12-17 2018-12-17 წიგნი
        2018-12-17 48358 2018-12-17 2018-12-17 წიგნი
        2018-12-17 48373 2018-12-17 2018-12-17 წიგნი
        2018-12-17 48374 2018-12-17 2018-12-17 წიგნი